La Atenas de Pericles
Saved in:
| Main Author: | |
|---|---|
| Format: | Book |
| Language: | Spanish |
| Published: |
Madrid, España
Alianza
1981
|
| Edition: | Tercera edición |
| Series: | El libro de bolsillo. Sección Humanidades,
514 |
| Subjects: | |
| Tags: |
Add Tag
No Tags, Be the first to tag this record!
|
MARC
| LEADER | 00000nam a2200000 a 4500 | ||
|---|---|---|---|
| 001 | UCP5314 | ||
| 003 | CL-VaPUC | ||
| 005 | 20210921074533.0 | ||
| 008 | 990903e19810000SP |||||||||||||||||spa|d | ||
| 999 | |c 283082 |d 283080 | ||
| 040 | |c Pontificia Universidad Católica de Valparaíso | ||
| 082 | 0 | 4 | |a 938 BOW 1981 |2 21 |
| 100 | |a Bowra, C. M |e author |9 561274 | ||
| 245 | 1 | 3 | |a La Atenas de Pericles |
| 250 | |a Tercera edición | ||
| 260 | |a Madrid, España |b Alianza |c 1981 | ||
| 300 | |a 253 páginas | ||
| 490 | 0 | |a El libro de bolsillo. Sección Humanidades, |v 514 | |
| 583 | |a last modification |c 19990903 00:00:00 |k Rodrigo Vera | ||
| 600 | 0 | |a Pericles |9 268847 | |
| 650 | 7 | |a HISTORIA GRIEGA |2 CL-VaPUC |9 314116 | |
| 650 | 0 | |a Historia y crítica |9 257407 | |
| 650 | 0 | |a Historia política |9 256974 | |
| 650 | 0 | |a Democracia |9 255256 | |
| 651 | 0 | |a Grecia |9 265314 | |
| 942 | |c BK |2 ddc | ||
| 945 | |d 19990903 00:00:00 |a lriquelm | ||
| 952 | |0 0 |1 0 |4 0 |6 938_000000000000000_BOW_1981 |7 0 |8 A |9 325854 |a BIBHIS |b BIBHIS |d 2019-11-20 |i 1368796 |o 938 BOW 1981 |p 1368796 |r 2025-01-20 |w 2019-11-20 |y BK |k HIS | ||